| 000 | 00370nam a22001457a 4500 | ||
|---|---|---|---|
| 020 | _a9788120328136 | ||
| 040 | _cNUST | ||
| 082 | _a006.6 HIL | ||
| 100 |
_aHill, JR. F.S _9113980 |
||
| 245 |
_aComputer "Graphics _bUsing Open G L |
||
| 250 | _aSecond Edition | ||
| 260 |
_aNew Delhi: _bPrentice Hall Of India _c2001 |
||
| 650 | _2Computer Graphics | ||
| 942 |
_2ddc _cBK |
||
| 999 |
_c595391 _d595391 |
||